[Event "Titled Tue 3rd Jun Early"]
[Site "chess.com INT"]
[Date "2025.06.03"]
[Round "2"]
[White "Cahaya, Satria Duta"]
[Black "Mujumdar, Sameer"]
[Result "1-0"]
[WhiteTitle "FM"]
[WhiteElo "2416"]
[BlackElo "2029"]
[WhiteFideId "7124252"]
[BlackFideId "2029707"]
[EventDate "2025.06.03"]

1. e4 c5 2. d4 cxd4 3. c3 d3 4. Bxd3 Nc6 5. f4 d6 6. Nf3 Nf6 7. O-O e6 8. Kh1
Be7 9. Qe2 e5 10. f5 d5 11. Nbd2 O-O 12. exd5 Qxd5 13. Ne4 Rd8 14. Bc2 b6 15.
Bg5 Bb7 16. Rfd1 Qa5 17. b4 Qa3 18. Bc1 Qxc3 19. Nxc3 1-0

[Event "Titled Tue 3rd Jun Early"]
[Site "chess.com INT"]
[Date "2025.06.03"]
[Round "2"]
[White "Wagner, Dennis"]
[Black "Reprintsev, Alexander"]
[Result "1-0"]
[WhiteTitle "GM"]
[BlackTitle "IM"]
[WhiteElo "2616"]
[BlackElo "2256"]
[WhiteFideId "24650684"]
[BlackFideId "14100541"]
[EventDate "2025.06.03"]

1. e4 e5 2. Nf3 Nc6 3. Bb5 a6 4. Ba4 Bc5 5. O-O Nge7 6. Nxe5 Nxe5 7. d4 b5 8.
Bb3 Bxd4 9. Qxd4 d6 10. c3 c5 11. Qd1 O-O 12. f4 Bg4 13. Qe1 Nd3 14. Qg3 Nxc1
15. Rxc1 Be6 16. Nd2 c4 17. Bc2 f5 18. Re1 Qb6+ 19. Kh1 Rae8 20. Nf3 fxe4 21.
Bxe4 Bf5 22. Nd4 Bxe4 23. Rxe4 Nf5 24. Nxf5 1-0

[Event "Titled Tue 3rd Jun Early"]
[Site "chess.com INT"]
[Date "2025.06.03"]
[Round "2"]
[White "Kis, Lorand Bela"]
[Black "Mata Gonzalez, Jose Fernando"]
[Result "1-0"]
[BlackTitle "CM"]
[WhiteElo "1955"]
[BlackElo "2164"]
[WhiteFideId "2024098"]
[BlackFideId "5107423"]
[EventDate "2025.06.03"]

1. d4 Nf6 2. c4 c5 3. d5 b5 4. cxb5 a6 5. b6 d6 6. Nc3 Nbd7 7. a4 Nxb6 8. a5
Nbd7 9. e4 Bb7 10. Nf3 g6 11. h3 Bg7 12. Bc4 O-O 13. O-O Ne8 14. Bf4 f5 15. Qd2
Nef6 16. exf5 gxf5 17. Ng5 Qe8 18. Rfe1 Qg6 19. Rxe7 Rae8 20. Rae1 Rxe7 21. Rxe7
Bc8 22. Ne6 Re8 23. Rxg7+ Qxg7 24. Nxg7 Kxg7 25. Bxd6 Ne4 26. Nxe4 Rxe4 27. Qg5+
Kf7 28. Qxf5+ Nf6 29. Qxc8 1-0

[Event "Titled Tue 3rd Jun Early"]
[Site "chess.com INT"]
[Date "2025.06.03"]
[Round "2"]
[White "Hansen, Sune Berg"]
[Black "Zenin, Dmitry"]
[Result "1-0"]
[WhiteTitle "GM"]
[BlackTitle "FM"]
[WhiteElo "2503"]
[BlackElo "2115"]
[WhiteFideId "1400266"]
[BlackFideId "4127897"]
[EventDate "2025.06.03"]

1. e4 g6 2. d4 Bg7 3. Nf3 d6 4. Bd3 e5 5. c3 Nd7 6. O-O Ngf6 7. Re1 O-O 8. Nbd2
Re8 9. a4 a5 10. Nf1 Nh5 11. Bg5 f6 12. Be3 c6 13. N1d2 Nf4 14. Bf1 Qe7 15. g3
Nh5 16. Bg2 Nf8 17. Nc4 Be6 18. Nfd2 Rad8 19. dxe5 dxe5 20. Nxa5 f5 21. exf5
Bxf5 22. Qb3+ Be6 23. Qxb7 1-0

[Event "Titled Tue 3rd Jun Early"]
[Site "chess.com INT"]
[Date "2025.06.03"]
[Round "2"]
[White "Baules Rodriguez, Jorge Luis"]
[Black "Philipp, Mathias"]
[Result "0-1"]
[WhiteTitle "IM"]
[BlackTitle "CM"]
[WhiteElo "2257"]
[BlackElo "2159"]
[WhiteFideId "6600247"]
[BlackFideId "12958883"]
[EventDate "2025.06.03"]

1. d4 f5 2. Nf3 Nf6 3. g3 e5 4. Bg2 e4 5. Nfd2 d5 6. O-O Be6 7. b3 Nbd7 8. c4 c6
9. Nc3 Bb4 10. Qc2 O-O 11. f3 Rc8 12. a3 Be7 13. fxe4 fxe4 14. b4 Ng4 15. Ndxe4
Rxf1+ 16. Bxf1 dxe4 17. Qxe4 Nf8 18. Bh3 Qd7 19. d5 cxd5 20. cxd5 Rxc3 21. dxe6
Qd1+ 22. Kg2 Nf6 23. Qe5 Rxc1 24. Rxc1 Qxc1 0-1

[Event "Titled Tue 3rd Jun Early"]
[Site "chess.com INT"]
[Date "2025.06.03"]
[Round "2"]
[White "Abraham, John Z"]
[Black "Sailer, Mike"]
[Result "1-0"]
[WhiteElo "2100"]
[BlackElo "2108"]
[WhiteFideId "30987318"]
[BlackFideId "2012901"]
[EventDate "2025.06.03"]

1. d4 d5 2. c4 Bf5 3. cxd5 Bxb1 4. Rxb1 Qxd5 5. Ra1 Nc6 6. e3 O-O-O 7. Bd2 e5 8.
dxe5 Nxe5 9. Bc3 Qxd1+ 10. Rxd1 Rxd1+ 11. Kxd1 Bd6 12. f4 Ng4 13. Bxg7 Nf2+ 14.
Ke2 Nxh1 15. Bxh8 Ne7 16. g4 Ng6 17. Bf6 Kd7 18. Bg2 1-0

[Event "Titled Tue 3rd Jun Early"]
[Site "chess.com INT"]
[Date "2025.06.03"]
[Round "2"]
[White "Modric, Nesa"]
[Black "Klepek, Witold"]
[Result "1-0"]
[WhiteTitle "CM"]
[BlackTitle "CM"]
[WhiteElo "2088"]
[BlackElo "2253"]
[WhiteFideId "922579"]
[BlackFideId "1175068"]
[EventDate "2025.06.03"]

1. d4 Nf6 2. Bg5 c5 3. d5 Ne4 4. Bc1 e6 5. f3 Nf6 6. dxe6 fxe6 7. c4 d5 8. cxd5
exd5 9. e4 dxe4 10. Qxd8+ Kxd8 11. Bg5 Be7 12. Nc3 exf3 13. Nxf3 Bg4 14. O-O-O+
Nbd7 15. Bb5 Rc8 16. h3 Bxf3 17. gxf3 Rc7 18. Rhe1 Re8 19. Bxf6 gxf6 20. Nd5 1-0

[Event "Titled Tue 3rd Jun Early"]
[Site "chess.com INT"]
[Date "2025.06.03"]
[Round "2"]
[White "Cordoba Roa, Angel Gabriel"]
[Black "Dicen, Elis Denele"]
[Result "1-0"]
[WhiteTitle "FM"]
[BlackTitle "WFM"]
[WhiteElo "2394"]
[BlackElo "2135"]
[WhiteFideId "3957624"]
[BlackFideId "462560"]
[EventDate "2025.06.03"]

1. e4 c6 2. d4 d5 3. e5 Bf5 4. Nf3 e6 5. Be2 Nd7 6. O-O Nh6 7. a4 Qc7 8. a5 a6
9. c3 c5 10. Nbd2 Bg6 11. c4 Nf5 12. cxd5 exd5 13. dxc5 Bxc5 14. Nb3 d4 15. Bf4
O-O 16. Rc1 Rac8 17. e6 Qxf4 18. exd7 Rc7 19. Nxc5 Qd6 20. b4 h5 21. Bd3 Rd8 22.
Re1 Qf4 23. Re8+ 1-0

[Event "Titled Tue 3rd Jun Early"]
[Site "chess.com INT"]
[Date "2025.06.03"]
[Round "2"]
[White "Mahdavi, Reza"]
[Black "Gavarrete, Nahun"]
[Result "1-0"]
[WhiteTitle "IM"]
[BlackTitle "FM"]
[WhiteElo "2445"]
[BlackElo "2281"]
[WhiteFideId "12595926"]
[BlackFideId "8400709"]
[EventDate "2025.06.03"]

1. e4 e5 2. Nf3 Nc6 3. Nc3 Nf6 4. Nd5 d6 5. d4 Nxe4 6. Bb5 Bd7 7. O-O Be7 8. Re1
Nf6 9. Bxc6 Bxc6 10. Nxe7 Qxe7 11. dxe5 Bxf3 12. exf6 Bxd1 13. Rxe7+ Kd8 14. Bg5
Bh5 15. fxg7 Rg8 16. Rxf7+ Kc8 17. Re7 b6 18. Bf4 Kd8 19. Rae1 Rc8 20. Bg5 Bg6
21. Rf7# 1-0

[Event "Titled Tue 3rd Jun Early"]
[Site "chess.com INT"]
[Date "2025.06.03"]
[Round "2"]
[White "Demchenko, Yaroslav"]
[Black "Jake Shanty"]
[Result "0-1"]
[WhiteTitle "CM"]
[BlackTitle "FM"]
[WhiteElo "2286"]
[BlackElo "2252"]
[WhiteFideId "14186667"]
[BlackFideId "33478066"]
[EventDate "2025.06.03"]

1. Nf3 Nf6 2. b3 g6 3. Bb2 Bg7 4. d4 O-O 5. e3 d6 6. Be2 e5 7. dxe5 dxe5 8. Qxd8
Rxd8 9. Bxe5 Nc6 10. Bb2 Bf5 11. Na3 Nb4 12. c4 Bd3 13. Rd1 Ne4 14. Bxg7 Kxg7
15. Nd4 Bxe2 16. Kxe2 Nc3+ 17. Kf3 Nxd1 18. Rxd1 c5 0-1

[Event "Titled Tue 3rd Jun Early"]
[Site "chess.com INT"]
[Date "2025.06.03"]
[Round "2"]
[White "Gnechko, Ruslan"]
[Black "Yang, Daniel"]
[Result "0-1"]
[BlackTitle "CM"]
[WhiteElo "2132"]
[BlackElo "2213"]
[WhiteFideId "14135868"]
[BlackFideId "30976340"]
[EventDate "2025.06.03"]

1. f4 Nf6 2. Nf3 g6 3. e3 Bg7 4. Be2 O-O 5. O-O d6 6. d4 b6 7. c4 Bb7 8. Nc3
Nbd7 9. d5 e6 10. e4 exd5 11. exd5 Re8 12. a3 a5 13. Bd3 Nc5 14. Bc2 Nce4 15.
Nxe4 Nxe4 16. Rb1 Bc8 17. h3 Ng3 18. Re1 Bf5 19. Bxf5 Nxf5 20. b4 axb4 21. axb4
Rxe1+ 22. Qxe1 Qe8 23. Bd2 Nd4 24. Nxd4 Bxd4+ 25. Kf1 Qa4 26. Qe4 Qa2 27. Qxd4
Qxb1+ 28. Kf2 Ra1 29. Kg3 Ra3+ 30. Kh2 Rd3 31. Qf2 Qc2 0-1

[Event "Titled Tue 3rd Jun Early"]
[Site "chess.com INT"]
[Date "2025.06.03"]
[Round "2"]
[White "Manon-og, Ramon Jr."]
[Black "Deveci, Huseyin Said"]
[Result "0-1"]
[BlackTitle "CM"]
[WhiteElo "1913"]
[BlackElo "2212"]
[WhiteFideId "5200776"]
[BlackFideId "26322455"]
[EventDate "2025.06.03"]

1. e4 e5 2. Nc3 Nc6 3. Bc4 Nf6 4. d3 Bc5 5. Nf3 d6 6. h3 Be6 7. Bg5 h6 8. Bh4 g5
9. Bxe6 fxe6 10. Bg3 Qd7 11. Na4 Bb6 12. Nxb6 axb6 13. a4 O-O-O 14. Qd2 Nh5 15.
b4 Nxg3 16. fxg3 d5 17. exd5 exd5 18. a5 e4 19. Nd4 Nxd4 20. Qc3 Qg7 21. Ra3
exd3 22. axb6 Rhe8+ 23. Kf1 Qf6+ 24. Kg1 Ne2+ 25. Kh2 Nxc3 0-1

[Event "Titled Tue 3rd Jun Early"]
[Site "chess.com INT"]
[Date "2025.06.03"]
[Round "2"]
[White "Brezis, Ari"]
[Black "Pulido Alvarez, Ariel"]
[Result "1-0"]
[WhiteTitle "CM"]
[BlackTitle "FM"]
[WhiteElo "2188"]
[BlackElo "2252"]
[WhiteFideId "2858541"]
[BlackFideId "3503011"]
[EventDate "2025.06.03"]

1. d4 Nf6 2. Bg5 Ne4 3. Bf4 d5 4. Nd2 Nf6 5. e3 e6 6. Ngf3 Bd6 7. Bd3 O-O 8. Ne5
c5 9. c3 Nc6 10. Nxc6 bxc6 11. Bxd6 Qxd6 12. dxc5 Qxc5 13. O-O Rb8 14. Qc2 e5
15. c4 Ba6 16. b3 e4 17. Be2 Qd6 18. Rfe1 Qe5 19. Rad1 Rfd8 20. cxd5 cxd5 21.
Bxa6 Ng4 22. Nf1 Rb6 23. Be2 1-0

[Event "Titled Tue 3rd Jun Early"]
[Site "chess.com INT"]
[Date "2025.06.03"]
[Round "2"]
[White "Shankland, Sam"]
[Black "Skliarov, Viktor"]
[Result "1-0"]
[WhiteTitle "GM"]
[BlackTitle "IM"]
[WhiteElo "2666"]
[BlackElo "2334"]
[WhiteFideId "2004887"]
[BlackFideId "14106736"]
[EventDate "2025.06.03"]

1. d4 Nf6 2. c4 e6 3. Nf3 b6 4. g3 Bb7 5. Bg2 Be7 6. O-O O-O 7. Nc3 Ne4 8. Bd2
Nxd2 9. Qxd2 d6 10. e4 Nd7 11. Rad1 Bf6 12. Rfe1 e5 13. Nd5 Bxd5 14. cxd5 exd4
15. Nxd4 Bxd4 16. Qxd4 a5 17. b3 Nc5 18. Re3 Qf6 19. Qxf6 gxf6 20. Bh3 Rfe8 21.
Bf5 Re7 22. f3 Rae8 23. Rc3 Re5 24. a3 Rxf5 25. exf5 Re2 26. b4 axb4 27. axb4
Na6 28. Rc4 Rb2 29. Ra1 Nxb4 30. Ra8+ Kg7 31. Rg4+ Kh6 32. Rag8 1-0

[Event "Titled Tue 3rd Jun Early"]
[Site "chess.com INT"]
[Date "2025.06.03"]
[Round "2"]
[White "Moro Saidon, Gonzalo"]
[Black "Tyukhanov, Alexey"]
[Result "0-1"]
[BlackTitle "CM"]
[WhiteElo "2100"]
[BlackElo "2218"]
[WhiteFideId "140082"]
[BlackFideId "24149829"]
[EventDate "2025.06.03"]

1. Nf3 c6 2. g3 d5 3. Bg2 Bf5 4. O-O e6 5. c4 Nf6 6. Qb3 Qb6 7. d3 Nbd7 8. cxd5
exd5 9. Qc2 Be7 10. Nc3 O-O 11. e4 dxe4 12. dxe4 Bg6 13. Be3 Qa5 14. Nh4 Rfe8
15. Nxg6 hxg6 16. Rad1 Ne5 17. Bd4 Bc5 18. b4 Bxb4 19. f4 Nc4 20. e5 Nd5 21.
Rfe1 Nxc3 0-1

[Event "Titled Tue 3rd Jun Early"]
[Site "chess.com INT"]
[Date "2025.06.03"]
[Round "2"]
[White "Tatarinov, Dmitry"]
[Black "Di Nicolantonio, Lucas"]
[Result "0-1"]
[WhiteTitle "FM"]
[BlackTitle "IM"]
[WhiteElo "2344"]
[BlackElo "2413"]
[WhiteFideId "24160067"]
[BlackFideId "680460"]
[EventDate "2025.06.03"]

1. d4 g6 2. e4 Bg7 3. Nc3 d6 4. Nf3 a6 5. Be2 b5 6. O-O Bb7 7. a4 b4 8. Nd5 Nf6
9. Nxf6+ exf6 10. Re1 O-O 11. d5 Re8 12. Nd4 Rxe4 13. Bf3 Rxe1+ 14. Qxe1 f5 15.
Qxb4 Qc8 16. a5 c5 17. dxc6 Nxc6 18. Nxc6 Bxc6 19. Bxc6 Qxc6 20. c3 Re8 21. Be3
h5 22. h4 Re4 23. Qb6 Qe8 24. g3 d5 25. Rd1 f4 26. Bxf4 d4 27. cxd4 Re1+ 28.
Rxe1 Qxe1+ 29. Kg2 Qe4+ 30. Kh2 Bxd4 31. Qb8+ Kg7 32. Qb4 Qd3 33. Qd6 Qe4 34.
Qb4 Qd3 35. Kg2 Qe4+ 36. Kg1 Bxf2+ 0-1

[Event "Titled Tue 3rd Jun Early"]
[Site "chess.com INT"]
[Date "2025.06.03"]
[Round "2"]
[White "Logozar, Elijah"]
[Black "Gelman, Alexander"]
[Result "0-1"]
[BlackTitle "IM"]
[WhiteElo "1945"]
[BlackElo "2403"]
[WhiteFideId "30963788"]
[BlackFideId "4118316"]
[EventDate "2025.06.03"]

1. e4 c5 2. Nf3 e6 3. d4 cxd4 4. Nxd4 a6 5. c4 d6 6. Nc3 Bd7 7. Be2 Nc6 8. Be3
Nf6 9. O-O Be7 10. f3 O-O 11. Qd2 Rc8 12. Rfd1 Ne5 13. b3 Re8 14. Rac1 Ng6 15.
Bf1 h5 16. a4 h4 17. Qf2 d5 18. cxd5 exd5 19. Nxd5 Nxd5 20. exd5 Rxc1 21. Rxc1
Bd6 22. Bd3 Qf6 23. Re1 Nf4 24. Bf1 Nxd5 25. Bd2 Rxe1 26. Bxe1 Bc5 27. Kh1 Qxd4
28. Qxd4 Bxd4 29. Bxh4 Ne3 30. Bd3 Be6 31. Be4 b6 32. b4 Bc3 33. Be7 Nd5 34.
Bxd5 Bxd5 35. Kg1 Bc6 0-1

[Event "Titled Tue 3rd Jun Early"]
[Site "chess.com INT"]
[Date "2025.06.03"]
[Round "2"]
[White "Weetik, Vjacheslav"]
[Black "Fadi, Marko"]
[Result "1-0"]
[WhiteTitle "FM"]
[BlackTitle "FM"]
[WhiteElo "2423"]
[BlackElo "2244"]
[WhiteFideId "4153472"]
[BlackFideId "10605371"]
[EventDate "2025.06.03"]

1. d4 Nf6 2. c4 e6 3. Nc3 d5 4. cxd5 exd5 5. Bg5 Be7 6. e3 O-O 7. Bd3 c6 8. Nge2
Re8 9. O-O h6 10. Bh4 Nbd7 11. a4 a5 12. f3 c5 13. Kh1 cxd4 14. Nxd4 Nc5 15. Bb5
Bd7 16. Qc2 Rc8 17. Rad1 Bc6 18. Nf5 Bf8 19. e4 Bxb5 20. axb5 g5 21. Bg3 Ncxe4
22. fxe4 Nxe4 23. Qd3 Nxc3 24. bxc3 Qf6 25. Nd6 1-0

[Event "Titled Tue 3rd Jun Early"]
[Site "chess.com INT"]
[Date "2025.06.03"]
[Round "2"]
[White "Khamdamova, Afruza"]
[Black "Vokhidov, Shamsiddin"]
[Result "1/2-1/2"]
[WhiteTitle "WIM"]
[BlackTitle "GM"]
[WhiteElo "2344"]
[BlackElo "2641"]
[WhiteFideId "14210444"]
[BlackFideId "14204223"]
[EventDate "2025.06.03"]

1. e4 c5 2. Nf3 Nc6 3. d4 cxd4 4. Nxd4 e6 5. Nc3 Qc7 6. Be2 Nf6 7. O-O Be7 8.
Be3 O-O 9. f4 d6 10. a4 Nxd4 11. Qxd4 b6 12. Rad1 Bb7 13. f5 Rac8 14. Qd3 Qb8
15. Bf4 Rfd8 16. Bg5 h6 17. Bh4 Qc7 18. fxe6 fxe6 19. Qh3 e5 20. Bxf6 Bxf6 21.
Bg4 Rb8 22. Be6+ Kh7 23. Qf5+ Kh8 24. Qg6 Rf8 25. Bf5 Kg8 26. Be6+ Kh8 27. Bf5
Kg8 28. Be6+ Kh8 1/2-1/2

[Event "Titled Tue 3rd Jun Early"]
[Site "chess.com INT"]
[Date "2025.06.03"]
[Round "2"]
[White "Antoniou, Rafail"]
[Black "Nepomniachtchi, Ian"]
[Result "0-1"]
[WhiteTitle "CM"]
[BlackTitle "GM"]
[WhiteElo "2134"]
[BlackElo "2757"]
[WhiteFideId "5904390"]
[BlackFideId "4168119"]
[EventDate "2025.06.03"]

1. e4 c5 2. c3 d6 3. d4 Nf6 4. Bd3 g6 5. Nf3 Bg7 6. O-O O-O 7. Re1 cxd4 8. cxd4
Bg4 9. Nbd2 Nc6 10. h3 Bh5 11. g4 Nxg4 12. hxg4 Bxg4 13. Be2 Rc8 14. a3 Qd7 15.
d5 Bh3 16. Ng5 Nd4 17. Nxh3 Qxh3 18. Bg4 Qh4 19. Kg2 h5 20. Bxc8 Rxc8 21. Rh1
Qf4 22. Rh3 Rc2 23. Nf3 Qg4+ 24. Rg3 Qxe4 25. Be3 Nf5 26. Rh3 Nxe3+ 0-1

[Event "Titled Tue 3rd Jun Early"]
[Site "chess.com INT"]
[Date "2025.06.03"]
[Round "2"]
[White "Can, Melih Kaan"]
[Black "Cuellar Montes, Alejandro"]
[Result "0-1"]
[WhiteTitle "CM"]
[BlackTitle "CM"]
[WhiteElo "2171"]
[BlackElo "2173"]
[WhiteFideId "6317383"]
[BlackFideId "32096836"]
[EventDate "2025.06.03"]

1. e4 e5 2. Nf3 Nc6 3. d4 exd4 4. Nxd4 Bc5 5. Nb3 Bb6 6. Nc3 Nf6 7. Qe2 O-O 8.
Be3 d5 9. O-O-O d4 10. Bg5 h6 11. Bh4 Qd6 12. Nb5 Qf4+ 13. Qd2 Qxh4 14. g3 Qxe4
15. Bd3 Qd5 16. Rhe1 Bf5 17. c4 dxc3 18. Nxc3 Qxd3 19. Qxd3 Bxd3 20. Rxd3 Rad8 0-1

[Event "Titled Tue 3rd Jun Early"]
[Site "chess.com INT"]
[Date "2025.06.03"]
[Round "2"]
[White "Munoz Ramos, Christopher"]
[Black "Kocharin, Timur"]
[Result "1-0"]
[WhiteTitle "FM"]
[BlackTitle "FM"]
[WhiteElo "2133"]
[BlackElo "2324"]
[WhiteFideId "3439615"]
[BlackFideId "16240936"]
[EventDate "2025.06.03"]

1. d4 h6 2. c4 e6 3. g3 d5 4. Bg2 Nf6 5. Nf3 Bb4+ 6. Bd2 Be7 7. O-O O-O 8. Nc3
c6 9. c5 b6 10. b4 a5 11. a3 Ba6 12. Re1 Nbd7 13. Qc2 Bc4 14. e4 dxe4 15. Nxe4
Bd5 16. Nc3 axb4 17. axb4 b5 18. Nxd5 Nxd5 19. Qb2 Qc7 20. Red1 Qb7 21. Ne1 Ra6
22. Rxa6 Qxa6 23. Ra1 Qb7 24. Nd3 Ra8 25. Bxd5 exd5 26. Bf4 Rxa1+ 27. Qxa1 g5
28. Be3 Bf6 29. f4 Nf8 30. fxg5 hxg5 31. Qf1 Qe7 32. Qf2 Kg7 33. Qf3 Ne6 34. Qf2
Qa7 35. Qb2 Qa4 36. Nf2 Qa8 37. Ng4 Qd8 38. Qf2 Qe7 39. h4 gxh4 40. Bh6+ Kh7 41.
Qf5+ Kh8 42. Nxf6 Ng5 43. Qc8+ 1-0

[Event "Titled Tue 3rd Jun Early"]
[Site "chess.com INT"]
[Date "2025.06.03"]
[Round "2"]
[White "Perry, Patrick"]
[Black "Marchesich, Giovanni"]
[Result "0-1"]
[BlackTitle "CM"]
[WhiteElo "2296"]
[BlackElo "2219"]
[WhiteFideId "30917727"]
[BlackFideId "2824790"]
[EventDate "2025.06.03"]

1. e4 d5 2. exd5 Qxd5 3. Nc3 Qe5+ 4. Qe2 Nc6 5. Qxe5 Nxe5 6. d4 Nc6 7. Be3 a6 8.
Nd5 Kd8 9. O-O-O Bf5 10. Bd3 Bxd3 11. Rxd3 e6 12. Nc3 Nf6 13. d5 Nb4 14. Rd2
Nbxd5 15. Nxd5 exd5 16. Bd4 c6 17. Bb6+ Kc8 18. Nf3 Bd6 19. Ng5 Bf4 20. Nxf7
Bxd2+ 21. Kxd2 Ne4+ 22. Ke2 Rf8 23. Ne5 Re8 24. f4 Nd6 25. b3 Nf7 26. Bd4 Nxe5
27. Bxe5 Kd7 28. Kd3 g6 29. g3 c5 30. h4 h5 31. c3 Kc6 32. Rb1 b5 33. a3 a5 34.
Ra1 Ra7 35. Rf1 Rf7 36. Rc1 Ra7 37. Rg1 b4 38. a4 bxc3 39. Kxc3 d4+ 40. Kc2 Kd5
41. g4 hxg4 42. Rxg4 Ra6 43. Rg5 Ke4 44. h5 gxh5 45. Rxh5 Rg8 46. Rh2 Rag6 47.
Bc7 Rg2+ 48. Rxg2 Rxg2+ 49. Kc1 d3 50. Bxa5 Ke3 51. Bc3 Rc2+ 52. Kd1 Rxc3 53. f5
d2 54. b4 Rc1# 0-1

[Event "Titled Tue 3rd Jun Early"]
[Site "chess.com INT"]
[Date "2025.06.03"]
[Round "2"]
[White "Priasmoro, Novendra"]
[Black "Le, Minh Tu"]
[Result "1-0"]
[WhiteTitle "GM"]
[BlackTitle "FM"]
[WhiteElo "2437"]
[BlackElo "1932"]
[WhiteFideId "7105029"]
[BlackFideId "12404888"]
[EventDate "2025.06.03"]

1. d4 d5 2. Nf3 c5 3. g3 cxd4 4. Nxd4 e5 5. Nb3 Nf6 6. Bg2 h6 7. O-O Be7 8. c4
dxc4 9. Qxd8+ Bxd8 10. N3d2 O-O 11. Nxc4 Bc7 12. b3 Be6 13. Bxb7 Nbd7 14. Bxa8
Rxa8 15. Bb2 Re8 16. Nbd2 Nb6 17. Rac1 Nxc4 18. Nxc4 Bg4 19. Ne3 Bb6 20. Nxg4
Nxg4 21. h3 Nf6 22. Kg2 Ne4 23. e3 Rd8 24. Rfd1 Re8 25. Rc4 Nf6 26. Rdc1 1-0

[Event "Titled Tue 3rd Jun Early"]
[Site "chess.com INT"]
[Date "2025.06.03"]
[Round "2"]
[White "So, Wesley"]
[Black "Zhou, Yuxu"]
[Result "1-0"]
[WhiteTitle "GM"]
[BlackTitle "CM"]
[WhiteElo "2751"]
[BlackElo "2087"]
[WhiteFideId "5202213"]
[BlackFideId "8626421"]
[EventDate "2025.06.03"]

1. b3 e5 2. Bb2 Nc6 3. e3 d5 4. Bb5 Bd6 5. Nf3 f6 6. c4 a6 7. Bxc6+ bxc6 8. Qc2
Ne7 9. c5 Bf5 10. Qc1 Bd3 11. cxd6 cxd6 12. Kd1 O-O 13. Ne1 Bg6 14. Ke2 c5 15.
f3 d4 16. Na3 Rc8 17. Nd3 d5 18. Nxc5 Qb6 19. exd4 exd4 20. Bxd4 Nf5 21. Bf2
Rfe8+ 22. Kd1 d4 23. Qc4+ Kh8 24. b4 Ne3+ 25. dxe3 dxe3 26. Be1 e2+ 27. Kc1 Qd6
28. Kb2 Qe5+ 29. Bc3 Qf4 30. Qxf4 1-0

[Event "Titled Tue 3rd Jun Early"]
[Site "chess.com INT"]
[Date "2025.06.03"]
[Round "2"]
[White "Dann, Matthias"]
[Black "La Villa Rivas, Marlon Javier"]
[Result "1-0"]
[WhiteTitle "IM"]
[BlackTitle "FM"]
[WhiteElo "2446"]
[BlackElo "2284"]
[WhiteFideId "24638056"]
[BlackFideId "3519546"]
[EventDate "2025.06.03"]

1. e4 e6 2. d4 d5 3. e5 c5 4. c3 Bd7 5. Nf3 Qb6 6. Bd3 Bb5 7. dxc5 Bxc5 8. O-O
Bxd3 9. Qxd3 Qa6 10. Qd2 h6 11. b4 Be7 12. a4 Qc4 13. Na3 Qc8 14. Bb2 Nc6 15.
Rac1 Qd7 16. Rfd1 O-O-O 17. a5 f6 18. a6 b6 19. c4 Bxb4 20. Qe2 Nge7 21. exf6
gxf6 22. Nb5 e5 23. cxd5 Nxd5 24. Rxc6+ Kb8 25. Nxe5 fxe5 26. Qxe5+ Ka8 27. Qxd5
Qxd5 28. Rxd5 Rxd5 29. Nc7+ Kb8 30. Nxd5 Rd8 31. Be5+ Ka8 32. Nc7+ Kb8 33. Ne6+ 1-0

[Event "Titled Tue 3rd Jun Early"]
[Site "chess.com INT"]
[Date "2025.06.03"]
[Round "2"]
[White "Terlouw, Wouter"]
[Black "Demin, Vladimir"]
[Result "0-1"]
[WhiteTitle "CM"]
[BlackTitle "IM"]
[WhiteElo "2227"]
[BlackElo "2430"]
[WhiteFideId "1087401"]
[BlackFideId "4167457"]
[EventDate "2025.06.03"]

1. d4 Nf6 2. Nf3 d5 3. Bf4 c5 4. e3 Nc6 5. Nbd2 Qb6 6. c4 cxd4 7. exd4 Nxd4 8.
Be3 Nxf3+ 9. Nxf3 Qxb2 10. cxd5 e6 11. Rb1 Bb4+ 12. Bd2 Bxd2+ 13. Nxd2 Qe5+ 14.
Be2 Nxd5 15. O-O O-O 16. Nf3 Qf6 17. Qc2 b6 18. Bd3 h6 19. a4 Bb7 20. a5 Rac8
21. Qd1 Rfd8 22. axb6 axb6 23. Qd2 Nf4 24. Ne1 Qg5 25. Qe3 Bxg2 26. Qg3 Bxf1 27.
Bxf1 Qf5 28. Rxb6 Rc1 29. Nf3 Ne2+ 0-1

[Event "Titled Tue 3rd Jun Early"]
[Site "chess.com INT"]
[Date "2025.06.03"]
[Round "2"]
[White "Lira, Suan Bruno Fernandes"]
[Black "Kravtsiv, Martyn"]
[Result "0-1"]
[BlackTitle "GM"]
[WhiteElo "2163"]
[BlackElo "2598"]
[WhiteFideId "22794620"]
[BlackFideId "14113147"]
[EventDate "2025.06.03"]

1. e4 e5 2. Nf3 Nc6 3. Bb5 a6 4. Ba4 Nf6 5. d3 b5 6. Bb3 Be7 7. a4 b4 8. a5 O-O
9. O-O d6 10. h3 Rb8 11. Nbd2 Be6 12. Bc4 Qc8 13. c3 d5 14. exd5 Nxd5 15. Qc2
bxc3 16. bxc3 Nf4 17. Bxe6 Qxe6 18. Re1 Qg6 19. g3 Nxd3 20. Re3 Rfd8 21. Nc4 e4
22. Nfd2 Bc5 0-1

[Event "Titled Tue 3rd Jun Early"]
[Site "chess.com INT"]
[Date "2025.06.03"]
[Round "2"]
[White "Sarasketa Irastortza, Oier"]
[Black "Fiskaaen, Martin Holten"]
[Result "0-1"]
[WhiteTitle "CM"]
[BlackTitle "FM"]
[WhiteElo "2190"]
[BlackElo "2292"]
[WhiteFideId "54728207"]
[BlackFideId "1550233"]
[EventDate "2025.06.03"]

1. d4 Nf6 2. c4 e6 3. Nf3 d5 4. g3 Be7 5. Bg2 Ne4 6. O-O f5 7. b3 Nc6 8. Bb2 h5
9. h4 g5 10. hxg5 Bxg5 11. Nc3 h4 12. gxh4 Bxh4 13. e3 Bf6 14. cxd5 exd5 15. Qe2
Be6 16. Na4 Qe7 17. Qb5 O-O-O 18. Rac1 Rdg8 19. Nc5 Rxg2+ 20. Kxg2 Qg7+ 21. Ng5
Qxg5+ 22. Kf3 Qg4# 0-1